00750nam a2200205Ia 4500003000900000008004100009020001800050040001600068080001900084100002800103245014100131260003700272300001500309650002000324700002700344700002900371942000700400999001700407952012000424IN-BaIIA211028s9999 xx 000 0 eng d a81-208-1420-7 cIIA Library a[8]:01:00bPAT aPatwardhan, K. S924846 0aLilavati of Bhaskaracaryaba treatise of mathematics of vedic traditioncK. S. Patwardhan and S. A. Naimpally; translated by S. L. Singh aDelhibMotilal Banarsidassc2001 axxv, 201p. aMathematics982 aNaimpally, S. A924847 aSingh, S. L., tr.924848 cBK c14120d14120 00104070aBANbBANcGENd2001-03-23g495.00l0o92:51/ PATp15040r2021-11-05v495.00w2001-03-23yBKGRs. 495.00